Statistics for Unusual American City Names

Click here to take the quiz!

General Stats

  • This quiz has been taken 11,657 times
  • The average score is 8 of 18

Answer Stats

City % Correct
Walla {Walla}, Washington
84%
{Osh}kosh, Wisconsin
74%
Kalama{zoo}, Michigan
71%
{Tex}arkana, Texas
69%
{Truth} or Consequences, New Mexico
63%
Saska{toon}, Saskatchewan
60%
{Chevy} Chase, Maryland
56%
Moose {Jaw}, Saskatchewan
39%
King of {Prussia}, Pennsylvania
39%
Medicine {Hat}, Alberta
38%
{French} Lick, Indiana
37%
Bull{head} City, Arizona
33%
{Kill} Devil Hills, North Carolina
29%
{Blue} Earth, Minnesota
22%
{Dead} Horse, Alaska
15%
{Gun} Barrel City, Texas
12%
{Bad} Axe, Michigan
11%
Show {Low}, Arizona
10%

Score Distribution

Percentile by Number Answered

Percent of People with Each Score

Your Score History

You have not taken this quiz